000 00567nam a2200193Ia 4500
003 OSt
005 20260423101534.0
008 210210b1977 xxu||||| |||| 00| 0 eng d
040 _cAL
041 _aKannada
082 _a923.2K SADK
100 _aSADANANDA KANAVALLI.
_dಸದಾನಂದ ಕನವಳ್ಳಿ
_9262371
245 _aKaujalagi srinivasarayaru.
_bಕೌಜಲಗಿ ಶ್ರೀನಿವಾಸರಾಯರು
260 _aBengaluru.
_bIBH Prakashana.,
_c1977
300 _a47
690 _aBiography
_9262372
906 _a038789
942 _2ddc
_cBK
999 _c88776
_d88776